| 000 | 00715cab a2200265 4500 | ||
|---|---|---|---|
| 001 | ABS39579 | ||
| 008 | 090401t1988 xxu||||| |||| 00| 0 eng d | ||
| 035 | _a(Sirsi) u17565 | ||
| 041 | _aeng | ||
| 100 | _aComyn, C. | ||
| 245 | _aWhat will be impact of VAT changes | ||
| 260 | _c1988 | ||
| 350 | _a0 | ||
| 490 |
_aEstates Times _v(952) 8 July 1988, 12(1) |
||
| 520 | _aReports on the recent European Court of Justice ruling on VAT and its implications for the British building industry . | ||
| 650 | _aCOMMERCIAL | ||
| 650 | _aDEVELOPMENT | ||
| 650 | _aEEC | ||
| 650 | _aNEW BUILD | ||
| 650 | _aNON-RESIDENTIAL | ||
| 690 | _aTAXATION | ||
| 700 | _aRoss, N. | ||
| 942 | _n0 | ||
| 948 | _c04/03/1997 | ||
| 999 |
_c11647 _d11647 |
||